Normal view
MARC view
- Agatston, Arthur
Entry Personal Name
001 - CONTROL NUMBER
- control field: 112032
003 - CONTROL NUMBER IDENTIFIER
- control field: NUST
005 - DATE AND TIME OF LATEST TRANSACTION
- control field: 20230502150942.0
008 - FIXED-LENGTH DATA ELEMENTS
- fixed length control field: 230502|| aca||aabn | a|a d
040 ## - CATALOGING SOURCE
- Original cataloging agency: NUST
- Transcribing agency: NUST
100 ## - HEADING--PERSONAL NAME
- Personal name: Agatston, Arthur
670 ## - SOURCE DATA FOUND
- Source citation: Work cat.: (NUST): Agatston, Arthur , The South Beach Heart Programme:, 2007.
